Chinese Cities by Picture #1 - Statistics

General Stats
  • This quiz has been taken 21 times
  • The average score is 5 of 9
Answer Stats
Picture Answer % Correct
Beijing
89%
Hong Kong
78%
Taipei
67%
Macau
56%
Tianjin
44%
Chengdu
39%
Qingdao
39%
Xi'an
39%
Wuhan
28%
No matching quizzes found
Score Distribution
Percent of People with Each Score
Percentile by Number Answered
Your Score History
You have not taken this quiz